000 00683nam a22002177a 4500
999 _c8025
_d8025
003 AR-CdUCM
008 190322b ||||| |||| 00| 0 spa d
020 _a84-7232-428-1
040 _aMUNICIPALIDAD PROVINCIAL DEL CUSCO
_cBIBLIOTECA MUNICIPAL DEL CUSCO
082 _a862 /
_bG22
100 _aGarcia May, Ignacio
_922681
245 _aAlesio, una comedia de tiempos pasados (o "bululu y medio") /
260 _aMadrid :
_bdiciones cultura hispánica,
_c1987.
300 _a104 páginas ;
_c20 cm.
500 _aPremio de tirso la molina 1986.
650 _aTeatro
_9173
650 _aLiteratura española
_9362
650 _aSiglo XX
_98
942 _2ddc
_cLIBROS
945 _azta